<?xml version="1.0" encoding="UTF-8"?>
<record
    xmlns:xsi="http://www.w3.org/2001/XMLSchema-instance"
    xsi:schemaLocation="http://www.loc.gov/MARC21/slim http://www.loc.gov/standards/marcxml/schema/MARC21slim.xsd"
    xmlns="http://www.loc.gov/MARC21/slim">

  <leader>01266nam2a2200265   4500</leader>
  <controlfield tag="001">RU\NLR\BIBL_A\011748436</controlfield>
  <controlfield tag="005">20180726094143.0</controlfield>
  <datafield tag="010" ind1=" " ind2=" ">
    <subfield code="a">978-5-9500106-3-7</subfield>
    <subfield code="9">5000</subfield>
  </datafield>
  <datafield tag="021" ind1=" " ind2=" ">
    <subfield code="a">RU</subfield>
    <subfield code="b">&#x41A;&#x41D;-&#x41F;-18-042948</subfield>
    <subfield code="9">&#x41A;&#x41D;-&#x41F;-18-3107</subfield>
  </datafield>
  <datafield tag="035" ind1=" " ind2=" ">
    <subfield code="a">(NLR Aleph) 011748436</subfield>
  </datafield>
  <datafield tag="090" ind1=" " ind2=" ">
    <subfield code="a">11616454</subfield>
    <subfield code="c">11616454</subfield>
  </datafield>
  <datafield tag="100" ind1=" " ind2=" ">
    <subfield code="a">20180712d2018    u  y0rusy50      ca</subfield>
  </datafield>
  <datafield tag="101" ind1="1" ind2=" ">
    <subfield code="a">rus</subfield>
    <subfield code="c">scc</subfield>
  </datafield>
  <datafield tag="102" ind1=" " ind2=" ">
    <subfield code="a">RU</subfield>
  </datafield>
  <datafield tag="105" ind1=" " ind2=" ">
    <subfield code="a">y|||w|||000zy</subfield>
  </datafield>
  <datafield tag="200" ind1="0" ind2=" ">
    <subfield code="a">[&#x41A;&#x43D;. 1]</subfield>
  </datafield>
  <datafield tag="210" ind1=" " ind2=" ">
    <subfield code="d">2018</subfield>
  </datafield>
  <datafield tag="215" ind1=" " ind2=" ">
    <subfield code="a">463 &#x441;.</subfield>
  </datafield>
  <datafield tag="461" ind1=" " ind2="0">
    <subfield code="1">001RU\NLR\BIBL_A\011747321</subfield>
    <subfield code="1">2001#$a&#x411;&#x435;&#x441;&#x435;&#x434;&#x44B; &#x43D;&#x430; &#x415;&#x432;&#x430;&#x43D;&#x433;&#x435;&#x43B;&#x438;&#x435;$e[&#x43F;&#x435;&#x440;&#x435;&#x432;&#x43E;&#x434; &#x441; &#x441;&#x435;&#x440;&#x431;&#x441;&#x43A;&#x43E;&#x433;&#x43E;]$f&#x441;&#x432;&#x44F;&#x442;&#x438;&#x442;&#x435;&#x43B;&#x44C; &#x41D;&#x438;&#x43A;&#x43E;&#x43B;&#x430;&#x439; &#x421;&#x435;&#x440;&#x431;&#x441;&#x43A;&#x438;&#x439; (&#x412;&#x435;&#x43B;&#x438;&#x43C;&#x438;&#x440;&#x43E;&#x432;&#x438;&#x447;)$v[&#x41A;&#x43D;. 1]</subfield>
    <subfield code="1">700#0$a&#x41D;&#x438;&#x43A;&#x43E;&#x43B;&#x430;&#x439;$c&#x412;&#x435;&#x43B;&#x438;&#x43C;&#x438;&#x440;&#x43E;&#x432;&#x438;&#x447;, &#x41D;&#x438;&#x43A;&#x43E;&#x43B;&#x430;$f1880-1956$3RU\NLR\AUTH\779514$c&#x435;&#x43F;&#x438;&#x441;&#x43A;&#x43E;&#x43F; &#x41E;&#x445;&#x440;&#x438;&#x434;&#x441;&#x43A;&#x438;&#x439; &#x438; &#x416;&#x438;&#x447;&#x441;&#x43A;&#x438;&#x439;</subfield>
    <subfield code="9">11610472</subfield>
    <subfield code="a">&#x41D;&#x438;&#x43A;&#x43E;&#x43B;&#x430;&#x439; (&#x412;&#x435;&#x43B;&#x438;&#x43C;&#x438;&#x440;&#x43E;&#x432;&#x438;&#x447;, &#x41D;&#x438;&#x43A;&#x43E;&#x43B;&#x430; ; 1880-1956)</subfield>
    <subfield code="c">&#x41C;&#x43E;&#x441;&#x43A;&#x432;&#x430;</subfield>
    <subfield code="d">2018</subfield>
    <subfield code="f">&#x441;&#x432;&#x44F;&#x442;&#x438;&#x442;&#x435;&#x43B;&#x44C; &#x41D;&#x438;&#x43A;&#x43E;&#x43B;&#x430;&#x439; &#x421;&#x435;&#x440;&#x431;&#x441;&#x43A;&#x438;&#x439; (&#x412;&#x435;&#x43B;&#x438;&#x43C;&#x438;&#x440;&#x43E;&#x432;&#x438;&#x447;)</subfield>
    <subfield code="n">&#x41D;&#x438;&#x43A;&#x430;</subfield>
    <subfield code="o">[&#x43F;&#x435;&#x440;&#x435;&#x432;&#x43E;&#x434; &#x441; &#x441;&#x435;&#x440;&#x431;&#x441;&#x43A;&#x43E;&#x433;&#x43E;]</subfield>
    <subfield code="t">&#x411;&#x435;&#x441;&#x435;&#x434;&#x44B; &#x43D;&#x430; &#x415;&#x432;&#x430;&#x43D;&#x433;&#x435;&#x43B;&#x438;&#x435;</subfield>
    <subfield code="v">[&#x41A;&#x43D;. 1]</subfield>
  </datafield>
  <datafield tag="852" ind1=" " ind2=" ">
    <subfield code="a">NLR</subfield>
    <subfield code="b">2018-3/18632</subfield>
  </datafield>
  <datafield tag="942" ind1=" " ind2=" ">
    <subfield code="c">BOOK</subfield>
  </datafield>
  <datafield tag="980" ind1=" " ind2=" ">
    <subfield code="a">NBR</subfield>
  </datafield>
  <datafield tag="980" ind1=" " ind2=" ">
    <subfield code="a">NB</subfield>
  </datafield>
</record>
